Building Resilience for Uncertain Water Futures

This book describes the existential threats facing the global water systems from population growth and economic development, unsustainable use, environmental change, and weak and fragmented governance. It argues that 'business-as-usual' water science and management cannot solve global wate...

Πλήρης περιγραφή

Λεπτομέρειες βιβλιογραφικής εγγραφής
Κύριος συγγραφέας: Gober, Patricia (Συγγραφέας, http://id.loc.gov/vocabulary/relators/aut)
Συγγραφή απο Οργανισμό/Αρχή: SpringerLink (Online service)
Μορφή: Ηλεκτρονική πηγή Ηλ. βιβλίο
Γλώσσα:English
Έκδοση: Cham : Springer International Publishing : Imprint: Palgrave Macmillan, 2018.
Έκδοση:1st ed. 2018.
Θέματα:
Διαθέσιμο Online:Full Text via HEAL-Link
LEADER 04068nam a2200577 4500
001 978-3-319-71234-5
003 DE-He213
005 20191021213301.0
007 cr nn 008mamaa
008 180329s2018 gw | s |||| 0|eng d
020 |a 9783319712345  |9 978-3-319-71234-5 
024 7 |a 10.1007/978-3-319-71234-5  |2 doi 
040 |d GrThAP 
050 4 |a HM856-861 
072 7 |a J  |2 bicssc 
072 7 |a SOC000000  |2 bisacsh 
072 7 |a J  |2 thema 
072 7 |a RN  |2 thema 
082 0 4 |a 333.707  |2 23 
100 1 |a Gober, Patricia.  |e author.  |4 aut  |4 http://id.loc.gov/vocabulary/relators/aut 
245 1 0 |a Building Resilience for Uncertain Water Futures  |h [electronic resource] /  |c by Patricia Gober. 
250 |a 1st ed. 2018. 
264 1 |a Cham :  |b Springer International Publishing :  |b Imprint: Palgrave Macmillan,  |c 2018. 
300 |a XXV, 213 p. 49 illus., 43 illus. in color.  |b online resource. 
336 |a text  |b txt  |2 rdacontent 
337 |a computer  |b c  |2 rdamedia 
338 |a online resource  |b cr  |2 rdacarrier 
347 |a text file  |b PDF  |2 rda 
505 0 |a 1. Case for Adaptation -- 2. Human Dimensions of Water Security -- 3. Why is Uncertainty a Game Changer for Water Policy and Practice? -- 4. Hidden Vulnerabilities in the Water-Energy-Land-Food (WELF) Nexus -- 5. Meaning, Purpose and Value of Water -- 6. Decision Making under Uncertainty (DMUU) -- 7. Urban Climate Adaptation -- 8. Social Learning for Water Sector Resilience -- 9. Strategies for Resilience. 
520 |a This book describes the existential threats facing the global water systems from population growth and economic development, unsustainable use, environmental change, and weak and fragmented governance. It argues that 'business-as-usual' water science and management cannot solve global water problems because today's water systems are increasingly complex and face uncertain future conditions. Instead, a more holistic, strategic, agile and publically engaged process of water decision making is needed. Building Resilience for Uncertain Water Futures emphasises the importance of adaptation through a series of case studies of cities, regions, and communities that have experimented with anticipatory policy-making, scenario development, and public engagement. By shifting perspective from an emphasis on management to one of adaptation, the book emphasizes the capacity to manage uncertainties, the need for cross-sector coordination, and mechanisms for engaging stakeholder with differing goals and conflict resolution. This book will be a useful resource for students and academics seeking a better understanding of sustainable water use, water policy and water resources management. . 
650 0 |a Environment. 
650 0 |a Energy policy. 
650 0 |a Energy and state. 
650 0 |a Environmental geography. 
650 0 |a Environmental management. 
650 0 |a Water pollution. 
650 0 |a Sustainable development. 
650 1 4 |a Environment Studies.  |0 http://scigraph.springernature.com/things/product-market-codes/X36000 
650 2 4 |a Energy Policy, Economics and Management.  |0 http://scigraph.springernature.com/things/product-market-codes/112000 
650 2 4 |a Environmental Geography.  |0 http://scigraph.springernature.com/things/product-market-codes/J19010 
650 2 4 |a Water Policy/Water Governance/Water Management.  |0 http://scigraph.springernature.com/things/product-market-codes/215000 
650 2 4 |a Waste Water Technology / Water Pollution Control / Water Management / Aquatic Pollution.  |0 http://scigraph.springernature.com/things/product-market-codes/U35040 
650 2 4 |a Sustainable Development.  |0 http://scigraph.springernature.com/things/product-market-codes/U34000 
710 2 |a SpringerLink (Online service) 
773 0 |t Springer eBooks 
776 0 8 |i Printed edition:  |z 9783319712338 
776 0 8 |i Printed edition:  |z 9783319712352 
776 0 8 |i Printed edition:  |z 9783030100322 
856 4 0 |u https://doi.org/10.1007/978-3-319-71234-5  |z Full Text via HEAL-Link 
912 |a ZDB-2-SLS 
950 |a Social Sciences (Springer-41176)